000 00803nam a22002295i 4500
001 53788
003 ES-MaACL
005 20230929062527.0
007 t|
008 940202s1871 sp ||||1| spa d
040 _aAS
_bspa
100 1 _aFernández-Guerra y Orbe, Luis.
_949838
245 1 0 _aD. Juan Ruiz de Alarcón y Mendoza /
_cpor Luis Fernández-Guerra y Orbe.
260 _aMadrid :
_bReal Academia Española,
_c1871 (
_fImprenta y estereotipia de M. Rivadeneyra)
300 _aX, 556 p., [1] h. de lám. ;
_c28 cm.
500 _aObra premiada en público certamen de la Real Academia Española.
600 1 4 _aRuiz de Alarcón y Mendoza, Juan.
_9100719
710 2 _aReal Academia Española
_96336
852 _aES-MaACL
_jF-2626
852 _aES-MaACL
_jD-4471
999 _c53788
_d53788